Xips, cables i poder / Joan Majó
Descripción Física:
159 p. ; 24 cm
Colección:
Biblioteca oberta ; 4
MARC
| LEADER | 00000nam a2200000Ia 4500 | ||
|---|---|---|---|
| 001 | 12136 | ||
| 008 | 160829s1997 xx 000 0 cat d | ||
| 080 | |a C-1-572 | ||
| 100 | |a Majó i Cruzate, Joan |9 30920 | ||
| 245 | |a Xips, cables i poder / Joan Majó | ||
| 260 | |a Barcelona : |b Universitat Oberta de Catalunya : |b Proa, |c 1997 | ||
| 300 | |a 159 p. ; |c 24 cm | ||
| 490 | |a Biblioteca oberta ; 4 | ||
| 650 | |a Tecnologia de la informació |x Aspectes socials |9 30921 | ||
| 650 | |a Informàtica |x Aspectes socials |9 30922 | ||
| 650 | |a Telecomunicació |x Aspectes socials |9 30923 | ||
| 710 | 2 | |a Universitat Oberta de Catalunya |9 51757 | |
| 901 | |a Arxiu | ||
| 942 | |n 1 | ||
| 952 | |0 0 |1 0 |4 0 |6 C1572 |7 1 |9 45572 |a Arxiu |b Arxiu |d 2016-12-01 |l 0 |o C-1-572 |p 12136 |r 2016-12-01 00:00:00 |w 2016-12-01 |y ARXIU | ||
| 999 | |c 48740 |d 48740 | ||